Elementos de la enfermería comunitaria : (Registro nro. 63147)

Detalles MARC
000 -LEADER
campo de control de longitud fija 02644am aa2200445i 44500
003 - IDENTIFICADOR DE NÚMERO DE CONTROL
campo de control PE-LiUPU
005 - FECHA Y HORA DE LA ÚLTIMA TRANSACCIÓN
campo de control 20251030092549.0
008 - DATOS DE LONGITUD FIJA--INFORMACIÓN GENERAL
campo de control de longitud fija 2107s2021 sp#a rb 000 0 spa d
020 ## - NÚMERO INTERNACIONAL ESTÁNDAR DEL LIBRO
Número Internacional Estándar del Libro 9786203034929
035 ## - NÚMERO DE CONTROL DEL SISTEMA
Número de control de sistema PE-LiUPU000067
040 ## - FUENTE DE CATALOGACIÓN
Centro catalogador/agencia de origen PE-LiUPU
Lengua de catalogación spa
Centro/agencia transcriptor PE-LiUPU
Normas de descripción rda
082 04 - NÚMERO DE LA CLASIFICACIÓN DECIMAL DEWEY
Número de clasificación 610.7343
Número de edición 23
Cutter F315e
100 ## - ENTRADA PRINCIPAL--NOMBRE DE PERSONA
Nombre de persona Felipe Reyes, Tania,
Término indicativo de función/relación autora.
9 (RLIN) 7562
245 10 - MENCIÓN DEL TÍTULO
Título Elementos de la enfermería comunitaria :
Resto del título calidad en la atención primaria de enfermería /
Mención de responsabilidad, etc. por Tania Felipe Reyes.
264 #1 - PRODUCCIÓN, PUBLICACIÓN, DISTRIBUCIÓN, FABRICACIÓN Y COPYRIGHT
Producción, publicación, distribución, fabricación y copyright Mauricio :
Nombre del de productor, editor, distribuidor, fabricante Editorial Académica Española,
Fecha de producción, publicación, distribución, fabricación o copyright 2021.
300 ## - DESCRIPCIÓN FÍSICA
Extensión 54 páginas :
Otras características físicas ilustraciones ;
Dimensiones 24 cm.
336 ## - TIPO DE CONTENIDO
Término de tipo de contenido texto
Código de tipo de contenido txt
Fuente rdacontent
337 ## - TIPO DE MEDIO
Nombre/término del tipo de medio sin mediación
Código del tipo de medio n
Fuente rdamedia
338 ## - TIPO DE SOPORTE
Nombre/término del tipo de soporte volumen
Código del tipo de soporte nc
Fuente rdacarrier
500 ## - NOTA GENERAL
Nota general Incluye referencias bibliográficas.
500 ## - NOTA GENERAL
Nota general Colaboradores: María Elena Pacheco Sosa, Benigno Leyva de la Cruz y Ania Prieto Reyes.
504 ## - NOTA DE BIBLIOGRAFÍA, ETC.
Nota de bibliografía, etc. Incluye bibliografía (p. 52).
505 0# - NOTA DE CONTENIDO CON FORMATO
Nota de contenido con formato Surgimiento de la enfermería comunitaria -- La enfermería transcultural -- La visita domiciliaria -- Atención paliativa a pacientes en la comunidad -- La comunicación -- Promoción y prevención de la salud en la comunidad -- Síntesis de teorías y modelos de enfermería aplicadas a la atención comunitaria -- Accidentes en el hogar -- Bibliografía.
520 ## - RESUMEN, ETC.
Sumario, etc. Manual teórico-práctico que aborda los fundamentos, principios y procedimientos de la enfermería comunitaria, centrado en la calidad de la atención primaria, la comunicación, la educación para la salud y la aplicación de teorías y modelos de enfermería en el trabajo comunitario.
546 ## - NOTA DE IDIOMA
Nota de lengua/lenguaje Texto en español.
650 14 - PUNTO DE ACCESO ADICIONAL DE MATERIA--TÉRMINO DE MATERIA
Término de materia o nombre geográfico como elemento de entrada Enfermería comunitaria.
9 (RLIN) 7563
650 24 - PUNTO DE ACCESO ADICIONAL DE MATERIA--TÉRMINO DE MATERIA
Término de materia o nombre geográfico como elemento de entrada Atención primaria de salud
Subdivisión general Calidad.
9 (RLIN) 7564
650 24 - PUNTO DE ACCESO ADICIONAL DE MATERIA--TÉRMINO DE MATERIA
Término de materia o nombre geográfico como elemento de entrada Promoción de la salud
Subdivisión general Educación sanitaria.
9 (RLIN) 7565
650 24 - PUNTO DE ACCESO ADICIONAL DE MATERIA--TÉRMINO DE MATERIA
Término de materia o nombre geográfico como elemento de entrada Cuidados paliativos
Subdivisión general Atención comunitaria.
9 (RLIN) 7566
650 24 - PUNTO DE ACCESO ADICIONAL DE MATERIA--TÉRMINO DE MATERIA
Término de materia o nombre geográfico como elemento de entrada Modelos de enfermería
Subdivisión general Aplicaciones comunitarias.
9 (RLIN) 7567
655 #7 - TERMINO DE INDIZACIÓN--GENERO/FORMA
Datos o término principal de género/forma Manuales de formación
Fuente del término rdfs
9 (RLIN) 41
700 ## - ENTRADA AGREGADA--NOMBRE PERSONAL
Nombre de persona Pacheco Sosa, María Elena,
Término indicativo de función/relación colaboradora.
9 (RLIN) 7568
700 ## - ENTRADA AGREGADA--NOMBRE PERSONAL
Nombre de persona Leyva de la Cruz, Benigno,
Término indicativo de función/relación colaborador.
9 (RLIN) 7569
700 ## - ENTRADA AGREGADA--NOMBRE PERSONAL
Nombre de persona Prieto Reyes, Ania,
Término indicativo de función/relación colaboradora.
9 (RLIN) 7570
710 ## - ENTRADA AGREGADA--NOMBRE DE ENTIDAD CORPORATIVA
Nombre de entidad corporativa o nombre de jurisdicción como elemento de entrada Editorial Académica Española,
Término indicativo de función/relación editor.
9 (RLIN) 6864
856 40 - LOCALIZACIÓN Y ACCESO ELECTRÓNICOS
Identificador Uniforme de Recursos <a href="https://www.eae-publishing.com/catalog/details/store/es/book/978-620-3-03492-9">https://www.eae-publishing.com/catalog/details/store/es/book/978-620-3-03492-9</a>
Nota pública Sitio web oficial de la Editorial Académica Española.
942 ## - ELEMENTOS DE ENTRADA SECUNDARIOS (KOHA)
Fuente del sistema de clasificación o colocación Clasificación Decimal Dewey
Tipo de ítem Koha Libros físicos
980 ## - EQUIVALENCIA O REFERENCIA-CRUZADA-MENCIÓN DE SERIE--NOMBRE DE PERSONA/TÍTULO [LOCAL, CANADÁ]
ID del usuario creador del registro 21515
Nombre del creador del registro ROMINA COBOS Adquisiciones
ID del último usuario que modificó el registro 18226
Nombre del último usuario que modificó el registro Jaime Vilcazán Jefe de Análisis Documental
Existencias
Visto por última vez Total de préstamos Signatura topográfica completa Código de barras Copia número Coste, precio de reemplazo Fecha de reemplazo Facultad Tipo de ítem Koha Estado de pérdida Fuente del sistema de clasificación o colocación Restricciones de uso No para préstamo Colección Programa académico Biblioteca de origen Biblioteca actual Ubicación en estantería Fecha de adquisición Fuente de adquisición Coste, precio normal de compra
2025-12-03   610.7343 F315e 82880 e1 35.00 2025-10-24 FSALUD Libros físicos No Perdido Clasificación Decimal Dewey No restringido Disponible para préstamos Colección General Enfermería Biblioteca CRAI UPeU Lima Biblioteca CRAI UPeU Lima Sala principal 2025-10-20 COMPRA 30.00